Philippine poetry anthology / (Record no. 293539)
[ view plain ]
| 000 -LEADER | |
|---|---|
| fixed length control field | 00554nam a2200217Ia 4500 |
| 008 - FIXED-LENGTH DATA ELEMENTS--GENERAL INFORMATION | |
| fixed length control field | 160418s9999 xx 000 0 und d |
| 020 ## - INTERNATIONAL STANDARD BOOK NUMBER | |
| International Standard Book Number | 971-08-6262-6 |
| 050 ## - LIBRARY OF CONGRESS CALL NUMBER | |
| Classification number | FIL PL 5532 |
| 050 ## - LIBRARY OF CONGRESS CALL NUMBER | |
| Item number | .A78 2002 c.1 |
| 100 ## - MAIN ENTRY--PERSONAL NAME | |
| Personal name | Artus, A. |
| 245 ## - TITLE STATEMENT | |
| Title | Philippine poetry anthology / |
| 245 ## - TITLE STATEMENT | |
| Statement of responsibility, etc | edited by A. Artus. |
| 250 ## - EDITION STATEMENT | |
| Edition statement | Revised Edition |
| 260 ## - PUBLICATION, DISTRIBUTION, ETC. (IMPRINT) | |
| Place of publication, distribution, etc | Mandaluyong: |
| 260 ## - PUBLICATION, DISTRIBUTION, ETC. (IMPRINT) | |
| Name of publisher, distributor, etc | National Books Store, |
| 260 ## - PUBLICATION, DISTRIBUTION, ETC. (IMPRINT) | |
| Date of publication, distribution, etc | 2002 |
| 300 ## - PHYSICAL DESCRIPTION | |
| Extent | 120 pages : |
| 300 ## - PHYSICAL DESCRIPTION | |
| Other physical details | illustrations ; |
| 300 ## - PHYSICAL DESCRIPTION | |
| Dimensions | 21 cm. |
| 650 ## - SUBJECT ADDED ENTRY--TOPICAL TERM | |
| Topical term or geographic name as entry element | Philippine poetry (English). |
| Withdrawn status | Lost status | Damaged status | Home library | Current library | Shelving location | Date acquired | Cost, normal purchase price | Total Checkouts | Full call number | Barcode | Date last seen | Price effective from | Koha item type |
|---|---|---|---|---|---|---|---|---|---|---|---|---|---|
| South Mansfield College | South Mansfield College | Filipiniana Section | 03/07/2005 | 140.00 | FIL PL 5532 .A78 2002 c.1 | SMC00403 | 04/18/2016 | 04/18/2016 |